| 000 | 00611cam a2200205 a 4500 | ||
|---|---|---|---|
| 040 | _cCtWfDGI | ||
| 082 | 0 | 4 | _a005 HUN 2002 A007 Or. |
| 100 | 1 | _aHughes, Jeffrey F. | |
| 245 | 1 | 0 | _aNovell's guide to NetWare 6 networks |
| 246 | 3 | _aGuide to NetWare 6 networks | |
| 246 | 3 | _aNetWare 6 networks | |
| 260 |
_aNew York : _bHungry Minds, Inc., _cc2002 |
||
| 500 | _aIncludes index. | ||
| 500 | _aTitle from title screen. | ||
| 650 | 0 | _aComputer networks. | |
| 650 | 0 | _aOperating systems (Computers) | |
| 700 | 1 | _aThomas, Blair W. | |
| 856 | 4 | 0 | _uhttp://www.books24x7.com/marc.asp?isbn=076454876X |
| 942 | _cEK | ||
| 999 |
_c12479 _d12479 |
||